000 02000nam a2200493 a 4500
001 ocn427218275
003 TZ-ArACH
005 2013042304464.0
008 040505s2004 enk b 001 0 eng
010 _a 2003066206
020 _a0199263051
020 _a9780199263059
035 _a(OCoLC)427218275
035 _zMIUL04-B2538
035 _a(MiU-L).b13201931
040 _aDLC
_cTZ-ArACH
041 _aEng
043 _ae-yu---
_ae-ne---
049 _aTZAA
050 0 4 _aKZ1203 .A12
_bK47
082 0 0 _a341.6/9/09497
_222
100 1 _aKerr, Rachel
_94013
245 1 4 _aInternational Criminal Tribunal for the Former Yugoslavia : an exercise in law, politics, and diplomacy
_ban exercise in law, politics, and diplomacy /
_cRachel Kerr
260 _aOxford ;
_aNew York :
_bOxford University Press,
_c2004
300 _avi, 239 p. ;
_c24 cm
500 _aIncludes index
504 _aBibliography: p. [220]-236
610 2 0 _aInternational Tribunal for the Prosecution of Persons Responsible for Serious Violations of International Humanitarian Law Committed in the Territory of the Former Yugoslavia since 1991
_94014
650 0 _aYugoslav War Crime Trials
_94015
650 0 _aCas yougoslave crime de guerre
_94016
650 0 _aWar crime trials
_zNetherlands
_zHague
_94017
650 0 _aProcès pour crimes de guerre
_zPays Bas
_zLa Haye
_94018
650 0 _aCompétence juridictionnelle
_94019
650 0 _aProcédure judiciaire.
_94020
650 0 _aDroit international pénal
_94021
650 0 _aStatut juridique
_94022
902 _a04-03-09
907 _a.b13201931
_b04-03-09
_c02-16-04
942 _2lcc
_cBOOK
998 _b05-07-04
_cm
_dp
998 _d05/05/04
_bDS
999 _c1489
_d1489